MAASAI MARA UNIVERSITY

LIBRARY CATALOGUE

Contact Us: +254 020 2685356/7 or 0774 057787

Box: 861-20500, NAROK, KENYA

Email: info@mmarau.ac.ke

MCTS guide to Microsoft Windows 7 / (Record no. 26349)

MARC details
000 -LEADER
fixed length control field 01100nam a22003137a 4500
003 - CONTROL NUMBER IDENTIFIER
control field OSt
005 - DATE AND TIME OF LATEST TRANSACTION
control field 20220509035221.0
008 - FIXED-LENGTH DATA ELEMENTS--GENERAL INFORMATION
fixed length control field 170329b xxu||||| |||| 00| 0 eng d
010 ## - LIBRARY OF CONGRESS CONTROL NUMBER
LC control number 2010933379
020 ## - INTERNATIONAL STANDARD BOOK NUMBER
International Standard Book Number 9781111309770 (pbk.)
020 ## - INTERNATIONAL STANDARD BOOK NUMBER
International Standard Book Number 1111309779 (pbk.)
040 ## - CATALOGING SOURCE
Original cataloging agency MMU
Language of cataloging eng.
Transcribing agency MMU
Modifying agency MMU
042 ## - AUTHENTICATION CODE
Authentication code lccopycat
050 00 - LIBRARY OF CONGRESS CALL NUMBER
Classification number QA76.774 .M43
Item number W75 2011
082 00 - DEWEY DECIMAL CLASSIFICATION NUMBER
Classification number 005.4/46
Edition number 23
100 1# - MAIN ENTRY--PERSONAL NAME
Personal name Wright, Byron.
245 10 - TITLE STATEMENT
Title MCTS guide to Microsoft Windows 7 /
Statement of responsibility, etc. Byron Wright, Leon Plesniarski.
246 3# - VARYING FORM OF TITLE
Title proper/short title Microsoft Certified Technology Specialist guide to Microsoft Windows 7
260 ## - PUBLICATION, DISTRIBUTION, ETC. (IMPRINT)
Place of publication, distribution, etc. Australia ;
-- United States :
Name of publisher, distributor, etc. Cengage Learning ;
Place of publication, distribution, etc. Boston, MA :
Name of publisher, distributor, etc. Course Technology,
Date of publication, distribution, etc. c2011.
300 ## - PHYSICAL DESCRIPTION
Extent xxi, 709 p. :
Other physical details col. ill. ;
Dimensions 28 cm. +
Accompanying material 1 access code card.
500 ## - GENERAL NOTE
General note "Networking"--Cover.
500 ## - GENERAL NOTE
General note "Exam #70-680"--Cover.
500 ## - GENERAL NOTE
General note Includes index.
630 00 - SUBJECT ADDED ENTRY--UNIFORM TITLE
Uniform title Microsoft Windows (Computer file)
Form subdivision Handbooks, manuals, etc.
650 #0 - SUBJECT ADDED ENTRY--TOPICAL TERM
Topical term or geographic name as entry element Operating systems (Computers)
650 #0 - SUBJECT ADDED ENTRY--TOPICAL TERM
Topical term or geographic name as entry element Computer networks.
700 1# - ADDED ENTRY--PERSONAL NAME
Personal name Plesniarski, Leon.
942 ## - ADDED ENTRY ELEMENTS (KOHA)
Source of classification or shelving scheme Library of Congress Classification
Koha item type L
Holdings
Withdrawn status Lost status Source of classification or shelving scheme Damaged status Not for loan Home library Current library Date acquired Source of acquisition Total Checkouts Full call number Barcode Date last seen Price effective from Koha item type
    Library of Congress Classification     Maasai Mara University Library -Main Campus Maasai Mara University Library -Main Campus 03/29/2017 Donation-T4C   QA76.774.M43W75 2011 17029182 03/29/2017 03/29/2017 L
© 2016 Maasai Mara University.